| 000 | 00489cam a22001577a 4500 | ||
|---|---|---|---|
| 008 | 180718b2001 xxu||||| |||| 00| 0 eng d | ||
| 020 | _a8170336414 | ||
| 082 | _aB136x5413 Sa19 | ||
| 100 | _aSahay, Gaurang Ranjan | ||
| 245 |
_aVillage studies in India: a case of Bihar _cby Gaurang Ranjan Sahay |
||
| 260 |
_aJaipur _bRawat _c2001 |
||
| 300 | _a212p. | ||
| 650 | _aBihar - Economic conditions. | ||
| 650 | _aSociology,Rural - India - Bihar | ||
| 650 | _aRural development - India - Bihar | ||
| 999 |
_c396142 _d396142 |
||